[Event "North American-ch U20"]
[Site "Mexico City"]
[Date "2022.12.04"]
[Round "5"]
[White "Baeza, Patricio"]
[Black "Zaragoza Alanis, Miguel Arnulfo"]
[Result "1-0"]
[WhiteElo "1725"]
[BlackElo "1800"]
[PlyCount "113"]
[EventDate "2022.12.02"]
[EventType "swiss"]
[EventRounds "9"]
[EventCountry "MEX"]
[SourceTitle "CBM 211 Extra"]
[Source "ChessBase"]
[SourceDate "2023.01.31"]
[SourceVersion "1"]
[SourceVersionDate "2023.01.31"]
[SourceQuality "1"]

1. e4 e5 2. Nf3 Nc6 3. Bc4 Bc5 4. c3 Nf6 5. d4 exd4 6. e5 d5 7. Be2 Ne4 8. cxd4 Bb6 9. 0-0 0-0 10. Nc3 Bg4 11. Be3 h6 12. Na4 f6 13. exf6 Qxf6 14. Nxb6 axb6 15. h3 Be6 16. a3 Kh8 17. Rc1 Rae8 18. b4 Qd8 19. b5 Ne7 20. Ne5 Qd6 21. Bh5 Rc8 22. Qb3 Ra8 23. a4 c5 24. bxc6 bxc6 25. Rb1 Rab8 26. Rfc1 Kg8 27. Qb4 c5 28. Qb5 c4 29. Bf3 Nf6 30. Bd2 Qc7 31. Bb4 Rb7 32. Bxe7 Qxe7 33. Ng6 Qd6 34. Nxf8 Bf5 35. Rb2 Re7 36. Re2 Rxe2 37. Bxe2 Qxf8 38. Bxc4 Bd7 39. Bxd5+ Kh8 40. Bc6 Qa3 41. Rb1 Bxh3 42. gxh3 Qxh3 43. Qb3 Qg4+ 44. Qg3 Qxd4 45. Re1 Kh7 46. Bb5 Qc5 47. Bd3+ Kg8 48. Qg6 Kf8 49. Bb5 Qc8 50. Qg3 Kg8 51. Bd3 Qd8 52. Bg6 Qc8 53. Qb3+ Kh8 54. Qe6 Qb8 55. Qe7 Qc8 56. Qe6 Qb8 57. Rc1 1-0

[Event "North American-ch U20"]
[Site "Mexico City"]
[Date "2022.12.02"]
[Round "2"]
[White "Salinas Cardenas, Rodrigo Salvador"]
[Black "Baeza, Patricio"]
[Result "0-1"]
[WhiteElo "1466"]
[BlackElo "1725"]
[PlyCount "130"]
[EventDate "2022.12.02"]
[EventType "swiss"]
[EventRounds "9"]
[EventCountry "MEX"]
[SourceTitle "CBM 211 Extra"]
[Source "ChessBase"]
[SourceDate "2023.01.31"]
[SourceVersion "1"]
[SourceVersionDate "2023.01.31"]
[SourceQuality "1"]

1. d4 Nf6 2. c4 Nc6 3. Nc3 e5 4. d5 Ne7 5. e4 Ng6 6. h4 h5 7. Bg5 Be7 8. Be2 d6 9. g3 Ng4 10. Be3 Nf8 11. Nh3 Nxe3 12. fxe3 Bxh3 13. Rxh3 g6 14. Qd2 Nd7 15. 0-0-0 Nf6 16. Rf1 Kf8 17. Rh2 Kg7 18. Rhf2 Qd7 19. Qe1 Rhf8 20. Rg2 Ng4 21. Bxg4 Qxg4 22. Qe2 c6 23. Qxg4 hxg4 24. Rgf2 f6 25. Kd2 Rh8 26. b3 Rh5 27. b4 Rah8 28. dxc6 bxc6 29. b5 cxb5 30. Nd5 Re8 31. cxb5 g5 32. hxg5 Rxg5 33. Nxf6 Rf8 34. Nd5 Rxf2+ 35. Rxf2 Bd8 36. Rh2 Rg6 37. a4 Re6 38. Kd3 Re8 39. Rc2 Ba5 40. Rc6 Be1 41. Rc7+ Kg6 42. Ne7+ Kf6 43. Nf5 Ra8 44. Rd7 Bb4 45. Kc4 Ba3 46. Kb3 Bc5 47. a5 Ke6 48. Re7+ Kf6 49. Rc7 Rb8 50. Kc4 Ke6 51. Ne7 Kf6 52. Nc6 Ra8 53. Kd5 Bxe3 54. Kxd6 Bf2 55. Nxe5 Bxg3 56. Rf7+ Kg5 57. Rg7+ Kh5 58. b6 axb6 59. axb6 Rd8+ 60. Ke7 Bxe5 61. Rf7 Rg8 62. Rf5+ Rg5 63. Ke6 g3 64. b7 g2 65. Rf8 g1Q 0-1

[Event "Mexico City Latinoamericano op 1st"]
[Site "Mexico City"]
[Date "2021.11.06"]
[Round "3"]
[White "Baeza, Patricio"]
[Black "Medina Calderon, Victor Manuel"]
[Result "0-1"]
[WhiteElo "1702"]
[BlackElo "1927"]
[PlyCount "70"]
[EventDate "2021.11.04"]
[EventType "swiss"]
[EventRounds "9"]
[EventCountry "MEX"]
[SourceTitle "EXT 2023"]
[Source "ChessBase"]
[SourceDate "2022.10.05"]
[SourceVersion "1"]
[SourceVersionDate "2022.10.05"]
[SourceQuality "1"]

1. e4 c5 2. Nf3 d6 3. d4 cxd4 4. Nxd4 Nf6 5. Nc3 g6 6. Be3 Bg7 7. f3 0-0 8. Qd2 Nc6 9. Bc4 Bd7 10. 0-0-0 Rc8 11. Bb3 Nxd4 12. Bxd4 b5 13. g4 b4 14. Ne2 a5 15. e5 dxe5 16. Bxe5 a4 17. Bxf7+ Rxf7 18. g5 Qa5 19. gxf6 exf6 20. Bd4 Qd5 21. Qxb4 Qxa2 22. Qa3 Qc4 23. Rd2 Bf8 24. Qe3 Qa2 25. Kd1 Re8 26. Qf4 a3 27. bxa3 Qb1+ 28. Nc1 Bxa3 29. Rd3 Bf5 30. Rc3 g5 31. Rg1 Bg6 32. Qd2 Rd7 33. Rb3 Qxc1+ 34. Qxc1 Bxc1 35. c3 Be3 0-1

[Event "Mexico City Latinoamericano op 1st"]
[Site "Mexico City"]
[Date "2021.11.05"]
[Round "2"]
[White "Baeza, Patricio"]
[Black "Herrera, Milena"]
[Result "1-0"]
[WhiteElo "1702"]
[BlackElo "1976"]
[PlyCount "119"]
[EventDate "2021.11.04"]
[EventType "swiss"]
[EventRounds "9"]
[EventCountry "MEX"]
[SourceTitle "EXT 2023"]
[Source "ChessBase"]
[SourceDate "2022.10.05"]
[SourceVersion "1"]
[SourceVersionDate "2022.10.05"]
[SourceQuality "1"]

1. e4 c5 2. Nf3 e6 3. d4 cxd4 4. Nxd4 a6 5. c4 Nf6 6. Nc3 Qc7 7. Be2 Be7 8. Be3 d6 9. 0-0 0-0 10. Rc1 b6 11. Qd2 Bb7 12. f3 Nbd7 13. b4 Rac8 14. Rc2 Qb8 15. Rb1 Bd8 16. Kh1 Bc7 17. Bg1 Qa8 18. Qc1 Kh8 19. Na4 e5 20. Nf5 g6 21. Ne7 Rce8 22. Nd5 Nxd5 23. cxd5 Bd8 24. b5 a5 25. Rc6 Qb8 26. Qb2 Nc5 27. Bxc5 dxc5 28. Nxb6 Bxb6 29. Rxb6 Qc7 30. Rc6 Bxc6 31. bxc6 Rb8 32. Bb5 a4 33. Qc2 Qd6 34. Qxa4 Ra8 35. Qb3 Rfb8 36. a4 Kg8 37. Qc4 Kf8 38. Rc1 Ke7 39. h3 Rc8 40. Ba6 Rc7 41. Bb7 Ra5 42. Rb1 f6 43. Rb5 Ra7 44. a5 g5 45. a6 h5 46. Qc3 c4 47. Qxc4 Qa3 48. Qb4+ Qxb4 49. Rxb4 Kd6 50. Rc4 f5 51. Kg1 fxe4 52. fxe4 Rf7 53. Rc2 Kc7 54. Rf2 Rg7 55. Rf5 Kd6 56. Rf6+ Kc7 57. d6+ Kb6 58. c7 Rxb7 59. axb7 Kxb7 60. Rf8 1-0

[Event "Mexican op 66th"]
[Site "Villahermosa"]
[Date "2021.08.05"]
[Round "3"]
[White "Baeza, Patricio"]
[Black "Bojorquez Gallardo, Cristian Gael"]
[Result "0-1"]
[WhiteElo "1624"]
[BlackElo "1953"]
[PlyCount "54"]
[EventDate "2021.08.04"]
[EventType "swiss"]
[EventRounds "8"]
[EventCountry "MEX"]
[SourceTitle "CBM 203 Extra"]
[Source "ChessBase"]
[SourceDate "2021.09.30"]
[SourceVersion "1"]
[SourceVersionDate "2021.09.30"]
[SourceQuality "1"]

1. e4 e5 2. Bc4 Nc6 3. Nf3 Nf6 4. d4 exd4 5. e5 d5 6. Bb5 Ne4 7. Nxd4 Bd7 8. Bxc6 bxc6 9. 0-0 c5 10. Nf3 Bc6 11. c3 Be7 12. Be3 0-0 13. Nbd2 Nxd2 14. Qxd2 Qd7 15. Rfd1 Qg4 16. Ne1 f6 17. f3 Qf5 18. exf6 Rxf6 19. Qf2 Re8 20. Bxc5 Bxc5 21. Qxc5 Re2 22. c4 Rg6 23. Qd4 Qh3 24. g4 Qxh2+ 25. Kf1 Rge6 26. cxd5 Bb5 27. dxe6 Rf2# 0-1

[Event "Mexican op 66th"]
[Site "Villahermosa"]
[Date "2021.08.04"]
[Round "1"]
[White "Baeza, Patricio"]
[Black "Molina Mendoza, Omar"]
[Result "0-1"]
[WhiteElo "1624"]
[BlackElo "2119"]
[PlyCount "60"]
[EventDate "2021.08.04"]
[EventType "swiss"]
[EventRounds "8"]
[EventCountry "MEX"]
[SourceTitle "CBM 203 Extra"]
[Source "ChessBase"]
[SourceDate "2021.09.30"]
[SourceVersion "1"]
[SourceVersionDate "2021.09.30"]
[SourceQuality "1"]

1. e4 e6 2. d4 d5 3. e5 c5 4. c3 Nc6 5. Nf3 Nge7 6. Bd3 cxd4 7. cxd4 Nf5 8. Bxf5 exf5 9. Nc3 Be6 10. 0-0 Be7 11. Qb3 Rb8 12. Re1 0-0 13. Be3 g5 14. Red1 Kh8 15. h4 f4 16. Bc1 g4 17. Ne1 f3 18. g3 Rg8 19. Bf4 Rg6 20. Nb5 Bxh4 21. gxh4 Qxh4 22. Bg3 Qh3 23. Nxf3 gxf3 24. Qxf3 Rbg8 25. Rd3 Bf5 26. Nd6 Bxd3 27. Qxd3 Rxg3+ 28. Qxg3 Rxg3+ 29. fxg3 Qxg3+ 30. Kh1 Qh4+ 0-1

[Event "Guillermo Garcia Memorial op 27th"]
[Site "Santa Clara"]
[Date "2018.05.31"]
[Round "9"]
[White "Baeza, Patricio"]
[Black "Rodriguez Naranjo, Diosbel Manue"]
[Result "0-1"]
[WhiteElo "1824"]
[BlackElo "1821"]
[PlyCount "86"]
[EventDate "2018.05.22"]
[EventType "swiss"]
[EventRounds "9"]
[EventCountry "CUB"]
[SourceTitle "CBM 184 Extra"]
[Source "ChessBase"]
[SourceDate "2018.06.28"]
[SourceVersion "1"]
[SourceVersionDate "2018.06.28"]
[SourceQuality "1"]

1. e4 d5 2. exd5 Qxd5 3. Nc3 Qd8 4. Nf3 Nf6 5. d4 Bf5 6. Bc4 e6 7. 0-0 c6 8. Re1 Be7 9. Ne2 h6 10. Ng3 Bh7 11. Bd3 Bxd3 12. Qxd3 Nbd7 13. c3 0-0 14. Ne5 Nxe5 15. Rxe5 Bd6 16. Re2 c5 17. dxc5 Bxg3 18. Qxd8 Raxd8 19. fxg3 Rd1+ 20. Kf2 Ng4+ 21. Kf3 Nxh2+ 22. Kf2 Rf1+ 23. Ke3 Rd8 24. Rd2 Re1+ 25. Kf2 Rxd2+ 26. Kxe1 Rxg2 27. Be3 Ng4 28. Bc1 Rxg3 29. b4 Rxc3 30. Bd2 Rc4 31. Ke2 Ne5 32. Rg1 Rc2 33. Rc1 Rxc1 34. Bxc1 Kf8 35. Bf4 Nc6 36. a3 a5 37. b5 Nd4+ 38. Kd3 Nxb5 39. a4 Na7 40. Kc4 Ke8 41. Bc7 Nc6 42. Kb5 Kd7 43. Kb6 Kc8 0-1